The keepers of light : a history & working guide to early photographic processes /

Bibliographic Details
Main Author: Crawford, William, 1948-
Format: Book
Language:English
Published: Dobbs Ferry, N.Y. : Morgan & Morgan, [1979]
Subjects:

MARC

Tag First Indicator Second Indicator Subfields
LEADER 00000cam a2200000 i 4500
001 in00000044090
005 20151007070950.0
008 800114s1979 nyuaf b 00110 eng
010 |a  79088815  
020 |a 0871001586 :  |c $16.95 
035 |a (OCoLC)05881158 
035 |9 AAE5052AM 
040 |a DLC  |c DLC  |d TXA  |d UtOrBLW 
049 |a TXAM  |c [1383528] 
050 0 0 |a TR330  |b .C68 
082 0 |a 770/.28 
100 1 |a Crawford, William,  |d 1948- 
245 1 4 |a The keepers of light :  |b a history & working guide to early photographic processes /  |c William Crawford. 
264 1 |a Dobbs Ferry, N.Y. :  |b Morgan & Morgan,  |c [1979] 
264 4 |c ©1979 
300 |a 318 pages, 12 unnumbered leaves of plates :  |b illustrations (some color) ;  |c 24 cm. 
336 |a text  |b txt  |2 rdacontent 
337 |a unmediated  |b n  |2 rdamedia 
338 |a volume  |b nc  |2 rdacarrier 
500 |a Includes index. 
504 |a Bibliography: pages [307]-310. 
650 0 |a Photography  |x Printing processes. 
650 0 |a Photography  |x Printing processes  |x History. 
999 |a MARS 
999 f f |s bc6e3bda-03a9-3121-80cb-9dbee36f8eef  |i 9466f559-6cc1-3fd9-b342-ca183ebaed25  |t 0 
952 f f |p ric  |a Texas A&M University  |b Rellis Campus  |c Joint Library Facility  |d Remote Storage  |t 0  |e TR330 .C68  |h Library of Congress classification  |i unmediated -- volume  |m A14805626400 
998 f f |a TR330 .C68  |t 0  |l Remote Storage